000 00885nam a22001817a 4500
008 120730t xxu||||| |||| 00| 0 eng d
020 _a139781844804528
050 _aQA76.9.D3 W21
100 _aWard, Patricia
245 _aDatabase management systems. /
_cPatricia Ward and George Dafoulas
260 _aAustralis:
_bThomson,
_cc2006.
300 _axiv, 334 p.:
_bill.;
_c24cm.
500 _aIncludes index.
505 _aContents: Introduction -- Normalisation -- Introduction to SQL -- Further SQL -- PL/SQL -- Query processing and optimisation -- Object-oriented and object-relational models -- Transaction management and concurrency control -- Backup and recovery -- Distributed database systems -- Web database connectivity -- Data warehousing -- Appendix: The Bus depots' database.
650 _bDatabase management systems.
700 _aDafoules, George
942 _2lcc
_cBK
999 _c1867
_d9367